Comportamientos tonales vocálicos en español y portugués : (Record no. 180097)

MARC details
000 -LEADER
campo de control de longitud fija 01029nam a22002291 4500
001 - NÚMERO DE CONTROL
campo de control 180097
003 - IDENTIFICADOR DE NÚMERO DE CONTROL
campo de control ES-MaACL
005 - FECHA Y HORA DE LA ÚLTIMA TRANSACCIÓN
campo de control 20230906221009.0
008 - DATOS DE LONGITUD FIJA--INFORMACIÓN GENERAL
campo de control de longitud fija 120417s1945 sp |||| | spa d
100 1# - ENTRADA PRINCIPAL--NOMBRE DE PERSONA
Nombre de persona Lacerda, Armando de.
9 (RLIN) 69353
245 10 - MENCIÓN DEL TÍTULO
Título Comportamientos tonales vocálicos en español y portugués :
Resto del título trabajo de investigación científica /
Mención de responsabilidad, etc. por Armando de Lacerda y María Josefa Canellada.
260 ## - PUBLICACIÓN, DISTRIBUCIÓN, ETC.
Lugar de publicación, distribución, etc. Madrid :
Nombre del editor, distribuidor, etc. Consejo Superior de Investigaciones Científicas, Patronato "Menéndez Pelayo", Instituto "Antonio de Nebrija",
Fecha de publicación, distribución, etc. 1945 (
Fabricante S. Aguirre, imp.)
300 ## - DESCRIPCIÓN FÍSICA
Extensión 271 p., 4 h., 8 gráf. ;
Dimensiones 25 cm.
490 1# - MENCIÓN DE SERIE
Mención de serie Anejos de la "Revista de filología española" ;
Designación de volumen o secuencia 33
650 #4 - PUNTO DE ACCESO ADICIONAL DE MATERIA--TÉRMINO DE MATERIA
Término de materia o nombre geográfico como elemento de entrada Lengua española-
Subdivisión general Fonética.
9 (RLIN) 14160
650 #4 - PUNTO DE ACCESO ADICIONAL DE MATERIA--TÉRMINO DE MATERIA
Término de materia o nombre geográfico como elemento de entrada Lengua portuguesa-
Subdivisión general Fonética.
9 (RLIN) 149793
700 1# - ENTRADA AGREGADA--NOMBRE PERSONAL
Nombre de persona Canellada, María Josefa.
9 (RLIN) 34479
710 2# - ENTRADA AGREGADA--NOMBRE DE ENTIDAD CORPORATIVA
Nombre de entidad corporativa o nombre de jurisdicción como elemento de entrada Instituto Antonio de Nebrija.
9 (RLIN) 4795
830 1# - PUNTO DE ACCESO ADICIONAL DE SERIE-TÍTULO UNIFORME
Título uniforme Anejos de la "Revista de filología española" ;
Designación de volumen o secuencia 33
9 (RLIN) 191161
852 4# - LOCALIZACIÓN
Ubicación ES-MaACL
Número de control de estantería E-15380
Holdings
Estatus retirado Estado de pérdida Estado de daño No para préstamo Biblioteca de origen Biblioteca actual Ubicación en estantería Fecha de adquisición Fuente de adquisición Total de préstamos Signatura topográfica completa Código de barras Visto por última vez Precio de reemplazo Tipo de ítem Koha
        Biblioteca del Ateneo de Madrid Biblioteca del Ateneo de Madrid Depósito 2 17/04/2012     E-15380 1189232 23/02/2023 23/02/2023 Libro impreso